00442cam a2200181ua 4500001000500000005001700005008003900022020001500061040000900076041000800085082000800093100003400101245004500135250000900180260003700189300001200226653002200238698420260515114134.0141118n ii |||gr||||Z||||||eng a8171699707 cMAIN aeng a320 aChaturvedi, Archana,eAuthor.1 aPolitical theorycby Archana Chaturvedi  a1st. aNew Delhi:bCommonwealth,c2009. av,362p. aPolitical thought